Normal view
MARC view
Entry Personal Name
001 - CONTROL NUMBER
- control field: 15525
003 - CONTROL NUMBER IDENTIFIER
- control field: OSt
005 - DATE AND TIME OF LATEST TRANSACTION
- control field: 20220113130312.0
008 - FIXED-LENGTH DATA ELEMENTS
- fixed length control field: 220113|| aca||aabn | a|a d
040 ## - CATALOGING SOURCE
- Original cataloging agency: OSt
- Transcribing agency: OSt
100 ## - HEADING--PERSONAL NAME
- Personal name: Williams, Steve: Nancy Williams.
670 ## - SOURCE DATA FOUND
- Source citation: Work cat.: (OSt): Williams, Steve: Nancy Williams., The Profit Impact of Business Intelligence., 2007
